<?xml version="1.0" encoding="UTF-8"?>
<record
    xmlns:xsi="http://www.w3.org/2001/XMLSchema-instance"
    xsi:schemaLocation="http://www.loc.gov/MARC21/slim http://www.loc.gov/standards/marcxml/schema/MARC21slim.xsd"
    xmlns="http://www.loc.gov/MARC21/slim">

  <leader>00342nam a22001337a 4500</leader>
  <controlfield tag="005">20260226141811.0</controlfield>
  <datafield tag="020" ind1=" " ind2=" ">
    <subfield code="a">9789390680757</subfield>
  </datafield>
  <datafield tag="082" ind1=" " ind2=" ">
    <subfield code="a">635.9 LAV.F</subfield>
  </datafield>
  <datafield tag="100" ind1=" " ind2=" ">
    <subfield code="a">Laurie, Alex</subfield>
    <subfield code="9">11066</subfield>
  </datafield>
  <datafield tag="245" ind1=" " ind2=" ">
    <subfield code="a">Floriculture fundamentals and practices /</subfield>
  </datafield>
  <datafield tag="260" ind1=" " ind2=" ">
    <subfield code="a">Jaipur :</subfield>
    <subfield code="b">Hilltop publications ,</subfield>
    <subfield code="c">c2024.</subfield>
  </datafield>
  <datafield tag="300" ind1=" " ind2=" ">
    <subfield code="a">526 p.</subfield>
  </datafield>
  <datafield tag="942" ind1=" " ind2=" ">
    <subfield code="2">ddc</subfield>
    <subfield code="c">BK</subfield>
  </datafield>
  <datafield tag="999" ind1=" " ind2=" ">
    <subfield code="c">757129</subfield>
    <subfield code="d">757129</subfield>
  </datafield>
  <datafield tag="952" ind1=" " ind2=" ">
    <subfield code="0">0</subfield>
    <subfield code="1">0</subfield>
    <subfield code="2">ddc</subfield>
    <subfield code="4">0</subfield>
    <subfield code="7">0</subfield>
    <subfield code="a">BOT</subfield>
    <subfield code="b">BOT</subfield>
    <subfield code="c">GEN</subfield>
    <subfield code="d">2026-02-26</subfield>
    <subfield code="e">Southern book star</subfield>
    <subfield code="l">0</subfield>
    <subfield code="o">635.9 LAV.F</subfield>
    <subfield code="p">BOT10950</subfield>
    <subfield code="r">2026-02-26 08:55:35</subfield>
    <subfield code="w">2026-02-26</subfield>
    <subfield code="y">BK</subfield>
  </datafield>
</record>
